[Event "C.to Sociale"]
[Site "Napoli ITA"]
[Date "2012.06.07"]
[Round "2"]
[White "Vannini, Aldo"]
[Black "Sparice, Lorenzo"]
[Result "1-0"]
[WhiteElo "1798"]
[BlackElo "1489"]
[PlyCount "51"]
[EventDate "2012.05.31"]

1. d4 b6 2. c4 e6 3. Nc3 Bb7 4. Bf4 a6 5. e3 c6 6. Nf3 Be7 7. Bd3 d6 8. O-O Nf6
9. a3 h6 10. Rc1 d5 11. Re1 O-O 12. e4 dxe4 13. Nxe4 c5 14. Nxf6+ Bxf6 15. dxc5
Nd7 16. cxb6 Nxb6 17. b3 Re8 18. Be5 Nd7 19. Bxf6 Nxf6 20. Bb1 Qa5 21. Qe2 Rad8
22. Rcd1 Bxf3 23. Qxf3 Rd2 24. Rxd2 Qxd2 25. Rd1 -- 26. Rxd2 1-0

[Event "C.to Sociale"]
[Site "Napoli ITA"]
[Date "2012.06.12"]
[Round "3"]
[White "Ambrosio, Giuseppe"]
[Black "De Rosa, Francesco"]
[Result "1-0"]
[WhiteElo "2070"]
[BlackElo "1950"]
[PlyCount "89"]
[EventDate "2012.05.31"]

1. d4 d5 2. c4 c6 3. Nc3 Nf6 4. Nf3 dxc4 5. e3 b5 6. a4 b4 7. Nb1 Ba6 8. Ne5
Qd5 9. Be2 e6 10. Bf3 Qd6 11. Qc2 Qc7 12. Nd2 Be7 13. Ndxc4 Bb7 14. O-O O-O 15.
Nd3 Na6 16. Bd2 c5 17. Bxb7 Qxb7 18. dxc5 Ne4 19. Na5 Qc7 20. Bxb4 Nxb4 21.
Nxb4 Nxc5 22. Nbc6 Bd6 23. g3 Nb7 24. Nxb7 Qxb7 25. Rfd1 Be7 26. Rac1 Bf6 27.
b4 Rac8 28. b5 h6 29. Qe2 Rc7 30. e4 Rfc8 31. e5 Bg5 32. Rc4 a6 33. Rcd4 axb5
34. axb5 g6 35. h4 Be7 36. Qc4 Kg7 37. Ra1 Qb6 38. Ra6 Rxc6 39. bxc6 Qb1+ 40.
Kg2 g5 41. Ra7 gxh4 42. Rxe7 h3+ 43. Kh2 Qf5 44. Rf4 Qh5 45. Rfxf7+ 1-0

[Event "C.to Sociale"]
[Site "Napoli ITA"]
[Date "2012.06.12"]
[Round "3"]
[White "Auletta, Angelo"]
[Black "Esposito, Rosario"]
[Result "1-0"]
[WhiteElo "2213"]
[BlackElo "1854"]
[PlyCount "89"]
[EventDate "2012.05.31"]

1. e4 c5 2. Nf3 e6 3. d4 cxd4 4. Nxd4 Nc6 5. Nb5 d6 6. c4 Nf6 7. N1c3 a6 8. Na3
b6 9. Be2 Bb7 10. O-O Be7 11. Be3 O-O 12. f3 Qc7 13. Rc1 Rac8 14. Nd5 exd5 15.
cxd5 Qd7 16. dxc6 Rxc6 17. Nc4 b5 18. Nb6 Rxc1 19. Qxc1 Qd8 20. Rd1 Nd7 21. Nd5
Bxd5 22. Rxd5 Nb6 23. Rd2 Bf6 24. Qc6 Nc4 25. Bxc4 bxc4 26. Qxc4 Qa5 27. b4 Qa3
28. Rd3 Qb2 29. Rxd6 Qa1+ 30. Qf1 Qxa2 31. Rxa6 Qb3 32. Bc5 Rd8 33. Rd6 Ra8 34.
Rd1 h6 35. b5 Rc8 36. Bf2 Rb8 37. b6 Bd8 38. Rb1 Qa2 39. b7 Qe6 40. Qb5 Bc7 41.
Bg3 Bxg3 42. hxg3 Qd6 43. Rc1 Qd4+ 44. Kh2 Qd8 45. Qf5 1-0

[Event "C.to Sociale"]
[Site "Napoli ITA"]
[Date "2012.06.12"]
[Round "3"]
[White "Baltzopoulos, Giorgos"]
[Black "Somma, Andrea"]
[Result "1-0"]
[WhiteElo "1941"]
[BlackElo "1807"]
[PlyCount "47"]
[EventDate "2012.05.31"]

1. d4 d5 2. c4 c6 3. Nf3 Nf6 4. Nc3 e6 5. Bg5 Nbd7 6. e3 Qa5 7. Nd2 Bb4 8. Qc2
O-O 9. Be2 c5 10. O-O cxd4 11. Nb3 Qc7 12. Nxd4 Bxc3 13. bxc3 Ne4 14. Bf4 Qa5
15. Rac1 g5 16. f3 Nxc3 17. Bxg5 Nxe2+ 18. Qxe2 Ne5 19. Bh6 Re8 20. Qf2 Kh8 21.
Qh4 Qd8 22. Bg5 Ng6 23. Bxd8 Nxh4 24. Bxh4 1-0

[Event "C.to Sociale"]
[Site "Napoli ITA"]
[Date "2012.06.12"]
[Round "3"]
[White "Caporali, Dante"]
[Black "De Meo, Guido"]
[Result "0-1"]
[WhiteElo "1706"]
[BlackElo "1813"]
[PlyCount "86"]
[EventDate "2012.05.31"]

1. d4 d5 2. c4 c6 3. Nf3 g6 4. Nc3 Bg7 5. e3 Bg4 6. h3 Bf5 7. a4 Nf6 8. Be2 O-O
9. O-O Na6 10. cxd5 Nxd5 11. Nxd5 cxd5 12. Bd2 Qb6 13. Bxa6 Qxa6 14. b4 Rac8
15. b5 Qd6 16. Qb3 Bc2 17. Qb2 Rc4 18. a5 Rfc8 19. Rfc1 h6 20. Ne1 Be4 21. Rxc4
dxc4 22. Bc3 g5 23. Rd1 Qg6 24. f3 Bf5 25. e4 Bd7 26. Nc2 h5 27. b6 a6 28. d5
Bxc3 29. Qxc3 g4 30. hxg4 hxg4 31. Kf2 g3+ 32. Ke2 f5 33. e5 Qh5 34. Rg1 f4 35.
e6 Be8 36. Qd4 Qf5 37. Rd1 Qxc2+ 38. Rd2 Qf5 39. Qe4 Qxe4+ 40. fxe4 Bh5+ 41.
Ke1 c3 42. Rc2 Bg6 43. Rc1 Bxe4 0-1

[Event "C.to Sociale"]
[Site "Napoli ITA"]
[Date "2012.06.12"]
[Round "3"]
[White "Ficco, Corrado"]
[Black "Grasso, Nino"]
[Result "0-1"]
[WhiteElo "2079"]
[BlackElo "2010"]
[PlyCount "116"]
[EventDate "2012.05.31"]

1. Nf3 d5 2. d4 c5 3. e3 e6 4. c3 Nf6 5. Bd3 Nc6 6. O-O Bd6 7. Nbd2 O-O 8. dxc5
Bxc5 9. e4 e5 10. Qe2 d4 11. Nb3 Bb6 12. cxd4 Nxd4 13. Nbxd4 Bxd4 14. Nxd4 Qxd4
15. Be3 Qa4 16. Bg5 Bg4 17. f3 Be6 18. b3 Qd4+ 19. Be3 Qd6 20. Rfd1 Qa3 21.
Rac1 Rac8 22. g4 a5 23. Qf2 Rxc1 24. Rxc1 Rd8 25. Qc2 a4 26. Bc4 Bxc4 27. Qxc4
Qxa2 28. bxa4 Qa3 29. Kf2 h6 30. Rc2 Qa1 31. Rc1 Qb2+ 32. Qc2 Qb4 33. Qc7 Rd2+
34. Bxd2 Qxd2+ 35. Kg3 Qf4+ 36. Kg2 g6 37. Qd8+ Kg7 38. Rc8 g5 39. Qd3 Nxg4 40.
fxg4 Qxg4+ 41. Qg3 Qxc8 42. Qxe5+ f6 43. Qe7+ Kg6 44. Qb4 Qc6 45. Kg1 h5 46. h3
h4 47. a5 Qc7 48. Kh1 Qc1+ 49. Kg2 Qc2+ 50. Kh1 Qd1+ 51. Kg2 Qe2+ 52. Kg1 Qe3+
53. Kf1 Qxh3+ 54. Ke1 Qg3+ 55. Kd1 Qg4+ 56. Kc1 Qc8+ 57. Kd1 h3 58. Qd2 Qg4+
0-1

[Event "C.to Sociale"]
[Site "Napoli ITA"]
[Date "2012.06.12"]
[Round "3"]
[White "Gonzini, Gianmaria"]
[Black "Borrelli, Salvatore"]
[Result "1-0"]
[WhiteElo "1859"]
[BlackElo "1960"]
[PlyCount "87"]
[EventDate "2012.05.31"]

1. Nf3 d5 2. b4 e6 3. Bb2 Nf6 4. a3 Be7 5. e3 O-O 6. Be2 b6 7. b5 a6 8. a4 axb5
9. axb5 Rxa1 10. Bxa1 Bd7 11. Ne5 Ne4 12. Nxd7 Qxd7 13. Nc3 Nf6 14. d4 Qd6 15.
Bd3 Nbd7 16. f4 Ne4 17. Nxe4 dxe4 18. Bxe4 Qb4+ 19. Ke2 Qxb5+ 20. Qd3 Qh5+ 21.
Bf3 Qh6 22. h4 Rd8 23. h5 f6 24. Qc4 Bd6 25. Qxe6+ Kh8 26. g4 Nf8 27. Qf7 Rd7
28. Qe8 g6 29. d5 g5 30. Kd3 Re7 31. Qd8 gxf4 32. g5 Rxe3+ 33. Kd2 Be7 34. gxh6
Bxd8 35. Bg4 Rg3 36. Bc8 Rg5 37. c4 Kg8 38. Ke2 Kf7 39. Kf3 Be7 40. Ke4 Bd6 41.
Kf3 Rg3+ 42. Ke4 Ke7 43. Rf1 Rg4 44. Bxg4 1-0

[Event "C.to Sociale"]
[Site "Napoli ITA"]
[Date "2012.06.12"]
[Round "3"]
[White "Pastore, Pietro"]
[Black "Rosato, Luciano"]
[Result "0-1"]
[WhiteElo "2015"]
[BlackElo "2253"]
[PlyCount "64"]
[EventDate "2012.05.31"]

1. e4 d6 2. d4 g6 3. Nc3 Bg7 4. Be3 a6 5. Nf3 b5 6. a3 Bb7 7. Bd3 Nf6 8. h3 O-O
9. O-O Qc8 10. e5 Nd5 11. Nxd5 Bxd5 12. Be2 Nd7 13. Qd2 Rb8 14. exd6 cxd6 15.
c3 Nb6 16. Bh6 Nc4 17. Bxc4 bxc4 18. Bxg7 Kxg7 19. Nh2 h5 20. f3 Rb7 21. Rae1
Qd7 22. Rf2 Rfb8 23. Qc1 Be6 24. Rfe2 Bf5 25. Rxe7 Qxe7 26. Rxe7 Rxe7 27. g4
Rbe8 28. Qg5 f6 29. Qf4 Re1+ 30. Kg2 R8e2+ 31. Kg3 Rg1+ 32. Kh4 g5+ 0-1

[Event "C.to Sociale"]
[Site "Napoli ITA"]
[Date "2012.06.12"]
[Round "3"]
[White "Seletsky, Grigory"]
[Black "Solombrino, Giovanni"]
[Result "1-0"]
[WhiteElo "2338"]
[BlackElo "1822"]
[PlyCount "97"]
[EventDate "2012.05.31"]

1. c4 c5 2. Nc3 Nc6 3. g3 g6 4. Bg2 Bg7 5. d3 Nf6 6. e4 d6 7. f4 O-O 8. h3 e6
9. g4 Nd7 10. Nf3 Nd4 11. O-O Rb8 12. Be3 Nxf3+ 13. Bxf3 b6 14. Qd2 Bb7 15. Nb5
Qe7 16. Nxa7 f5 17. Nb5 Bc6 18. exf5 Bxf3 19. Rxf3 exf5 20. g5 Rfe8 21. Re1 Nf8
22. Bf2 Qd7 23. d4 Rxe1+ 24. Bxe1 cxd4 25. Nxd4 Ne6 26. Nxe6 Qxe6 27. b3 Bd4+
28. Bf2 Qe4 29. Kg2 Bxf2 30. Qxf2 Re8 31. Qxb6 Qc2+ 32. Rf2 Qe4+ 33. Kh2 Qe1
34. Qd4 Re4 35. Qd2 Qxd2 36. Rxd2 Rxf4 37. Rxd6 Rf2+ 38. Kg3 Rxa2 39. Rd7 Rb2
40. Rb7 Rc2 41. Kf4 Rf2+ 42. Ke5 Re2+ 43. Kf4 Rc2 44. h4 Rh2 45. c5 Rxh4+ 46.
Ke5 Re4+ 47. Kd5 Re2 48. c6 f4 49. c7 1-0

[Event "C.to Sociale"]
[Site "Napoli ITA"]
[Date "2012.06.12"]
[Round "3"]
[White "Sparice, Lorenzo"]
[Black "Caiazzo, Diego"]
[Result "0-1"]
[WhiteElo "1489"]
[BlackElo "1871"]
[PlyCount "84"]
[EventDate "2012.05.31"]

1. c4 e6 2. e4 c5 3. Nf3 d6 4. d4 cxd4 5. Nxd4 a6 6. Nc3 Nf6 7. Be2 Be7 8. O-O
O-O 9. Rb1 Nc6 10. Nf3 Bd7 11. Bf4 e5 12. Be3 Bg4 13. Bg5 h6 14. Bxf6 Bxf6 15.
Nd5 Bxf3 16. Nxf6+ Qxf6 17. Bxf3 Nd4 18. Bg4 Qg5 19. h3 g6 20. f4 Qh4 21. Qe1
Qxe1 22. Rbxe1 h5 23. Bd7 Rfd8 24. Ba4 Rac8 25. f5 gxf5 26. exf5 Rxc4 27. Bd1
Nc2 28. Re2 Nb4 29. a3 Nd3 30. f6 Nf4 31. Ref2 h4 32. Kh2 Kh8 33. Bb3 Rc7 34.
g3 hxg3+ 35. Kxg3 Rg8+ 36. Kh2 Rg6 37. Rxf4 exf4 38. Rxf4 Kg8 39. Rf2 Rc5 40.
Rg2 Rxg2+ 41. Kxg2 Rf5 42. Kg3 Rxf6 0-1

[Event "C.to Sociale"]
[Site "Napoli ITA"]
[Date "2012.06.12"]
[Round "3"]
[White "Taurisano, Vincenzo"]
[Black "Accardo, Francesco"]
[Result "0-1"]
[WhiteElo "1865"]
[BlackElo "1838"]
[PlyCount "56"]
[EventDate "2012.05.31"]

1. Nf3 b5 2. d4 Bb7 3. e3 a6 4. c4 b4 5. Be2 a5 6. O-O f5 7. b3 Nf6 8. Nbd2 e6
9. Bb2 Be7 10. Rc1 Ng4 11. Ne5 Nxe5 12. dxe5 Na6 13. Bh5+ g6 14. Bf3 c6 15. Bd4
Nc5 16. Qc2 h5 17. Rfd1 g5 18. Bxc5 Bxc5 19. g3 Qe7 20. Bg2 Qg7 21. Qd3 h4 22.
Nf3 hxg3 23. hxg3 O-O-O 24. Rd2 f4 25. Rcd1 fxg3 26. fxg3 g4 27. Nd4 Qxe5 28.
Qe4 Qxg3 0-1

[Event "C.to Sociale"]
[Site "Napoli ITA"]
[Date "2012.06.12"]
[Round "3"]
[White "Tesone, Crescenzo"]
[Black "Buiano, Fabio"]
[Result "0-1"]
[WhiteElo "1841"]
[BlackElo "2077"]
[PlyCount "87"]
[EventDate "2012.05.31"]

1. Nc3 e5 2. Nf3 Nc6 3. d4 exd4 4. Nxd4 Nge7 5. Bg5 Nxd4 6. Qxd4 f6 7. Bf4 d6
8. e3 Nc6 9. Qd2 Be6 10. Nd5 Ne5 11. Bxe5 fxe5 12. Bc4 Bf7 13. Qa5 c6 14. Nc7+
Ke7 15. Bxf7 Kxf7 16. b4 b6 17. Qa4 Qxc7 18. O-O d5 19. e4 d4 20. f4 exf4 21.
Rxf4+ Qxf4 22. Rf1 Qxf1+ 23. Kxf1 Be7 24. Qb3+ Ke8 25. Qe6 Rf8+ 26. Kg1 Rf6 27.
Qg8+ Bf8 28. e5 Rh6 29. g4 Rd8 30. e6 Rf6 31. g5 Rf5 32. h4 d3 33. cxd3 Rxd3
34. Qxh7 Rdd5 35. a3 c5 36. Qg6+ Ke7 37. bxc5 bxc5 38. Kg2 c4 39. Qh5 c3 40.
Qg4 c2 41. Qb4+ Rc5 42. Qb7+ Kxe6 43. Qe4+ Kf7 44. g6+ 0-1

[Event "C.to Sociale"]
[Site "Napoli ITA"]
[Date "2012.06.12"]
[Round "3"]
[White "Zinnai, Graziano Matteo"]
[Black "Messina, Enrico"]
[Result "1-0"]
[WhiteElo "1975"]
[BlackElo "2167"]
[PlyCount "109"]
[EventDate "2012.05.31"]

1. d4 Nf6 2. Nf3 c5 3. c3 b6 4. Bf4 Bb7 5. e3 d6 6. h3 Nbd7 7. Be2 g6 8. O-O
Bg7 9. Nbd2 O-O 10. b4 Nd5 11. Qb3 cxb4 12. cxb4 Nxf4 13. exf4 e5 14. fxe5 dxe5
15. dxe5 Nxe5 16. Rad1 Bd5 17. Qb1 Qf6 18. Nxe5 Qxe5 19. Bf3 Rad8 20. Bxd5 Qxd5
21. Nf3 Qc4 22. Nd2 Qc3 23. Ne4 Qe5 24. Rfe1 Rxd1 25. Qxd1 Qb2 26. Qb1 Qxb1 27.
Rxb1 Rc8 28. a3 Rc2 29. Rd1 Be5 30. g3 Re2 31. Nd6 Rc2 32. Ne4 Ra2 33. Rd8+ Kg7
34. Rd7 Rxa3 35. Ng5 h6 36. Nxf7 Bc3 37. b5 h5 38. h4 Kf6 39. Ng5 Kf5 40. Kg2
Ra2 41. Rd5+ Kf6 42. Ne4+ Ke6 43. Nxc3 Rc2 44. Rd3 Rb2 45. Kf3 Rb4 46. Nd5 Rb2
47. Nf4+ Kf5 48. Rd5+ Kf6 49. Rd6+ Kf5 50. Rxg6 Rb3+ 51. Kg2 Ke4 52. Rg5 Kd4
53. Nxh5 a5 54. bxa6 b5 55. a7 1-0

[Event "C.to Sociale"]
[Site "Napoli ITA"]
[Date "2012.06.21"]
[Round "4"]
[White "Borrelli, Salvatore"]
[Black "Sparice, Lorenzo"]
[Result "1-0"]
[WhiteElo "1960"]
[BlackElo "1489"]
[PlyCount "93"]
[EventDate "2012.05.31"]

1. d4 b6 2. Bf4 e6 3. e3 Bb7 4. Nf3 a6 5. Bd3 Be7 6. O-O Nf6 7. h3 c5 8. c3
cxd4 9. cxd4 O-O 10. Nc3 d5 11. Rc1 Nbd7 12. Bb1 Nh5 13. Bxh7+ Kxh7 14. Ng5+
Bxg5 15. Qxh5+ Bh6 16. Na4 Nf6 17. Qh4 Nd7 18. Qxd8 Raxd8 19. Bc7 Rc8 20. Nxb6
Nxb6 21. Bxb6 Rxc1 22. Rxc1 f5 23. Rc7 Bc8 24. Bc5 Rd8 25. f4 Bd7 26. Be7 Rb8
27. Rxd7 Rxb2 28. a3 Rb3 29. Kf2 Rb2+ 30. Kf3 Rb1 31. Rd6 Kg8 32. Rxa6 Rb7 33.
Bc5 Kf7 34. Ra7 Rxa7 35. Bxa7 g5 36. Bb8 gxf4 37. Bxf4 Bf8 38. a4 Bb4 39. Bc7
Ke7 40. h4 Kd7 41. Bb6 Bf8 42. Ba5 Be7 43. Be1 Bd6 44. Bg3 Bb4 45. h5 Ke8 46.
Bc7 Kd7 47. h6 1-0

[Event "C.to Sociale"]
[Site "Napoli ITA"]
[Date "2012.06.21"]
[Round "4"]
[White "Buiano, Fabio"]
[Black "Ambrosio, Giuseppe"]
[Result "0-1"]
[WhiteElo "2077"]
[BlackElo "2070"]
[PlyCount "94"]
[EventDate "2012.05.31"]

1. e4 c5 2. Nc3 g6 3. f4 Bg7 4. Nf3 Nc6 5. Bb5 Nd4 6. O-O a6 7. Bc4 e6 8. d3
Ne7 9. Nxd4 cxd4 10. Ne2 f5 11. e5 b5 12. Bb3 Qb6 13. Qe1 Nc6 14. Qf2 Rb8 15.
c3 dxc3 16. Be3 Qc7 17. bxc3 Kf7 18. g4 Na5 19. gxf5 gxf5 20. Bd1 h5 21. h4 d6
22. Ng3 dxe5 23. Bxh5+ Kg8 24. Rae1 Qe7 25. Qh2 Bf6 26. fxe5 Bxh4 27. Rf4 Bg5
28. Kf2 Kf8 29. Qg1 Bxf4 30. Bxf4 Qh4 31. Ke3 Rxh5 32. Nxh5 Qxh5 33. Re2 Bb7
34. Kd2 Qg4 35. Qh2 Kf7 36. Qh6 Qg6 37. Qh4 Rg8 38. Rh2 Bd5 39. Rf2 Nc6 40. Rh2
Rg7 41. Qh8 Rg8 42. Qh4 Ne7 43. a3 Bc6 44. Rf2 Nd5 45. Rh2 Nxf4 46. Qxf4 Qg5
47. Rh7+ Ke8 0-1

[Event "C.to Sociale"]
[Site "Napoli ITA"]
[Date "2012.06.21"]
[Round "4"]
[White "Caiazzo, Diego"]
[Black "Pastore, Pietro"]
[Result "0-1"]
[WhiteElo "1871"]
[BlackElo "2015"]
[PlyCount "80"]
[EventDate "2012.05.31"]

1. Nf3 d5 2. b3 c5 3. e3 Nc6 4. Bb2 Nf6 5. Be2 e6 6. O-O Bd6 7. d4 Qc7 8. dxc5
Bxc5 9. c4 dxc4 10. Bxc4 Bd7 11. Nc3 a6 12. Qc2 Nb4 13. Qb1 Bc6 14. e4 b5 15.
Be2 Bb7 16. a3 Nc6 17. b4 Bb6 18. Qc2 O-O 19. Rad1 Rad8 20. h3 Qf4 21. Bc1 Qb8
22. Bg5 Rxd1 23. Rxd1 Qa7 24. Bh4 Nd4 25. Nxd4 Bxd4 26. Bd3 Rc8 27. Bxf6 Bxf6
28. e5 Bxe5 29. Bxh7+ Kh8 30. Rd3 Bxc3 31. Rxc3 Rxc3 32. Qxc3 Kxh7 33. Qd3+ g6
34. Qd7 Kg7 35. Qc7 Qa8 36. Qe5+ Kg8 37. Qg5 Be4 38. g4 Bb1 39. Kf1 Qd5 40. Qc1
Qc4+ 0-1

[Event "C.to Sociale"]
[Site "Napoli ITA"]
[Date "2012.06.21"]
[Round "4"]
[White "De Meo, Guido"]
[Black "Auletta, Angelo"]
[Result "0-1"]
[WhiteElo "1813"]
[BlackElo "2213"]
[PlyCount "92"]
[EventDate "2012.05.31"]

1. d4 Nf6 2. g3 c5 3. d5 b5 4. Bg2 Bb7 5. Nc3 b4 6. Na4 d6 7. e4 g6 8. Ne2 Bg7
9. O-O O-O 10. Re1 Nbd7 11. Rb1 Ba6 12. b3 Bb5 13. Nb2 Qa5 14. Bd2 Qxa2 15. c4
bxc3 16. Bxc3 Qa6 17. Ra1 Qb7 18. Nc4 Bxc4 19. bxc4 Ne8 20. Bxg7 Nxg7 21. Qa4
Rfb8 22. Nc3 a6 23. Reb1 Qc7 24. Rxb8+ Nxb8 25. Rb1 Nd7 26. Bf1 Ne8 27. Be2
Nef6 28. Bd3 Kg7 29. Qa2 Ne5 30. Be2 Rb8 31. Rxb8 Qxb8 32. f4 Ned7 33. Qa1 Qb4
34. Nd1 Qd2 35. Kf1 Qd4 36. Qxa6 Nxe4 37. Qc8 Ndf6 38. Qa6 Nd2+ 39. Kg2 Qe4+
40. Kf2 Qh1 41. Qa1 Qxh2+ 42. Ke1 Nde4 43. g4 Qxf4 44. Qb2 h6 45. Qa1 Qd2+ 46.
Kf1 Ng3+ 0-1

[Event "C.to Sociale"]
[Site "Napoli ITA"]
[Date "2012.06.21"]
[Round "4"]
[White "De Rosa, Francesco"]
[Black "Taurisano, Vincenzo"]
[Result "1-0"]
[WhiteElo "1950"]
[BlackElo "1865"]
[PlyCount "71"]
[EventDate "2012.05.31"]

1. e4 d6 2. d4 Nf6 3. Nc3 g6 4. f4 Bg7 5. Nf3 c5 6. d5 O-O 7. Bc4 a6 8. a4 Bg4
9. O-O Nbd7 10. a5 b5 11. axb6 Qxb6 12. Qd3 Bxf3 13. Qxf3 a5 14. Re1 Nh5 15.
Kh1 Bxc3 16. bxc3 a4 17. e5 Qa5 18. Rb1 Rab8 19. Rxb8 Rxb8 20. e6 fxe6 21. dxe6
Ndf6 22. g4 Nxg4 23. Qxg4 Qxc3 24. Qe2 Rb4 25. Bd3 Rb1 26. Bd2 Rxe1+ 27. Qxe1
Qb2 28. Bc3 Qb7+ 29. Be4 d5 30. Bf3 Nxf4 31. h4 a3 32. Kh2 Qb8 33. Be5 Qb4 34.
Qxb4 cxb4 35. Bxf4 a2 36. Be5 1-0

[Event "C.to Sociale"]
[Site "Napoli ITA"]
[Date "2012.06.21"]
[Round "4"]
[White "Esposito, Rosario"]
[Black "Supino, Domenico"]
[Result "0-1"]
[WhiteElo "1854"]
[BlackElo "2081"]
[PlyCount "74"]
[EventDate "2012.05.31"]

1. d4 b5 2. e4 Bb7 3. Bd3 e6 4. Ne2 c5 5. c3 a6 6. Be3 Qc7 7. O-O Nf6 8. f3 Be7
9. Nd2 d6 10. c4 b4 11. d5 e5 12. Ng3 g6 13. f4 Nbd7 14. Nf3 Ng4 15. Bd2 exf4
16. Bxf4 Bf6 17. Qd2 Bg7 18. Ne2 O-O 19. Rae1 Rae8 20. Ng3 a5 21. Qc2 Nge5 22.
b3 Qd8 23. Bc1 Bc8 24. Qb1 Nxf3+ 25. gxf3 Ne5 26. Be2 Bh3 27. Rf2 h5 28. Bf1
Bxf1 29. Nxf1 Qh4 30. Be3 Qh3 31. Qd1 f5 32. Bf4 fxe4 33. fxe4 Nd3 34. Re3 Nxf2
35. Rxh3 Nxd1 36. Bxd6 Bd4+ 37. Kg2 Rf2+ 0-1

[Event "C.to Sociale"]
[Site "Napoli ITA"]
[Date "2012.06.21"]
[Round "4"]
[White "Grasso, Nino"]
[Black "Seletsky, Grigory"]
[Result "0-1"]
[WhiteElo "2010"]
[BlackElo "2338"]
[PlyCount "70"]
[EventDate "2012.05.31"]

1. e4 e6 2. d4 d5 3. Nc3 Nf6 4. Bg5 Be7 5. e5 Nfd7 6. h4 h6 7. Qh5 g6 8. Bxe7
Qxe7 9. Qg4 h5 10. Qf4 a6 11. Nf3 c5 12. O-O-O cxd4 13. Nxd4 Nc6 14. Nxc6 bxc6
15. Qa4 Rb8 16. f4 Qc5 17. Qd4 a5 18. a3 Qb6 19. Na4 Qxd4 20. Rxd4 c5 21. Rd2
Ke7 22. Rh3 c4 23. b3 Ba6 24. bxc4 Rhc8 25. Rc3 dxc4 26. Rd4 Nc5 27. Nxc5 Rxc5
28. Bxc4 Rb6 29. Rd6 Rxd6 30. exd6+ Kd8 31. Bxa6 Rxc3 32. Bb5 Rxa3 33. c4 Rd3
34. d7 Rxd7 35. Bxd7 Kxd7 0-1

[Event "C.to Sociale"]
[Site "Napoli ITA"]
[Date "2012.06.21"]
[Round "4"]
[White "Oliveri, Aldo"]
[Black "Ficco, Corrado"]
[Result "0-1"]
[WhiteElo "1715"]
[BlackElo "2079"]
[PlyCount "108"]
[EventDate "2012.05.31"]

1. d4 f5 2. Nf3 Nf6 3. e3 g6 4. b3 Bg7 5. Bb2 O-O 6. Nbd2 b6 7. Rb1 Bb7 8. Be2
e6 9. c4 d6 10. O-O Qe7 11. Re1 Nbd7 12. h3 Ne4 13. Nxe4 fxe4 14. Nd2 Rae8 15.
Qc2 Qh4 16. Rf1 Rf7 17. f3 Qh6 18. f4 Nf6 19. Rf2 d5 20. Bc1 g5 21. Nf1 Qg6 22.
Qd1 h5 23. Ng3 g4 24. hxg4 Nxg4 25. Bxg4 hxg4 26. Qe2 Bf8 27. Rf1 Be7 28. Kf2
Rh7 29. Bd2 Rf8 30. Rh1 Rff7 31. Rxh7 Rxh7 32. Rh1 Bh4 33. Qf1 Ba6 34. Be1 dxc4
35. Kg1 b5 36. bxc4 bxc4 37. Qe2 Bxg3 38. Bxg3 Rxh1+ 39. Kxh1 Qf5 40. a4 Kf7
41. Kg1 c5 42. Bf2 cxd4 43. exd4 Qxf4 44. Be3 Qf5 45. g3 Ke8 46. Bf4 Kd7 47.
Bb8 Qd5 48. Bxa7 Bb7 49. Qe3 c3 50. Bc5 c2 51. Qc1 Qb3 52. Qf4 c1=Q+ 53. Qxc1
Qxg3+ 54. Kf1 Ba6+ 0-1

[Event "C.to Sociale"]
[Site "Napoli ITA"]
[Date "2012.06.21"]
[Round "4"]
[White "Rosato, Luciano"]
[Black "Solombrino, Giovanni"]
[Result "1-0"]
[WhiteElo "2253"]
[BlackElo "1822"]
[PlyCount "75"]
[EventDate "2012.05.31"]

1. d4 Nf6 2. c4 g6 3. Nc3 d5 4. cxd5 Nxd5 5. e4 Nxc3 6. bxc3 Bg7 7. Nf3 c5 8.
Rb1 O-O 9. Be2 Nc6 10. d5 Bxc3+ 11. Bd2 Bxd2+ 12. Qxd2 Nd4 13. Nxd4 cxd4 14.
Qxd4 b6 15. h4 h5 16. Rb3 f6 17. Rg3 Kh7 18. Qd1 Qe8 19. f4 e6 20. d6 Bd7 21.
O-O Bb5 22. e5 Bxe2 23. Qxe2 Qc6 24. Qd3 f5 25. Qb3 Qd7 26. Rc3 Rac8 27. Rfc1
Rxc3 28. Qxc3 Kg8 29. Qc6 Qd8 30. g3 Rf7 31. Kf2 Kf8 32. Qb5 Qd7 33. Rc6 Qb7
34. Qc4 a6 35. Rc8+ Kg7 36. Qc6 Qxc6 37. Rxc6 b5 38. Rc7 1-0

[Event "C.to Sociale"]
[Site "Napoli ITA"]
[Date "2012.06.21"]
[Round "4"]
[White "Vannini, Aldo"]
[Black "Baltzopoulos, Giorgos"]
[Result "0-1"]
[WhiteElo "1798"]
[BlackElo "1941"]
[PlyCount "56"]
[EventDate "2012.05.31"]

1. d4 Nf6 2. Nf3 e6 3. e3 b6 4. c4 Bb7 5. Be2 Be7 6. O-O O-O 7. Nbd2 c5 8. b3
d6 9. Bb2 Nbd7 10. Re1 Re8 11. Qc2 Rc8 12. Rac1 Bf8 13. Nf1 Be4 14. Qd1 h6 15.
Ng3 Bh7 16. Bd3 cxd4 17. Bxh7+ Kxh7 18. Nxd4 g6 19. Nb5 Ne5 20. Bxe5 dxe5 21.
Qf3 Qe7 22. Red1 Rcd8 23. Rxd8 Rxd8 24. Nxa7 Qxa7 25. Qxf6 Rd2 26. Qf3 f5 27.
h4 Ba3 28. Rd1 e4 0-1

[Event "C.to Sociale"]
[Site "Napoli ITA"]
[Date "2012.06.21"]
[Round "4"]
[White "Zinnai, Graziano Matteo"]
[Black "Gonzini, Gianmaria"]
[Result "1-0"]
[WhiteElo "1975"]
[BlackElo "1859"]
[PlyCount "65"]
[EventDate "2012.05.31"]

1. e4 b6 2. d4 Bb7 3. Nd2 e6 4. Ngf3 Nf6 5. Bd3 d5 6. e5 Nfd7 7. O-O c5 8. c3
Be7 9. Re1 Nc6 10. Nf1 a6 11. Ng3 h5 12. Ne2 g5 13. Nd2 Qc7 14. f4 gxf4 15. Nf3
c4 16. Bc2 O-O-O 17. Bxf4 Rdg8 18. b3 Na5 19. Nd2 Bg5 20. bxc4 Bxf4 21. Nxf4
Rg4 22. Qf3 Nxc4 23. Nxc4 Qxc4 24. Bd3 Rxf4 25. Qxf4 Qxd3 26. Qxf7 Rh6 27. Rf1
h4 28. Rf3 Qe4 29. h3 Bc6 30. Qf4 Qh7 31. Raf1 Bb5 32. R1f2 Qg6 33. Qf7 1-0

[Event "C.to Sociale"]
[Site "Napoli ITA"]
[Date "2012.07.03"]
[Round "5"]
[White "Ambrosio, Giuseppe"]
[Black "Baltzopoulos, Giorgos"]
[Result "1-0"]
[WhiteElo "2070"]
[BlackElo "1941"]
[PlyCount "49"]
[EventDate "2012.05.31"]

1. d4 d5 2. c4 c6 3. Nc3 Nf6 4. e3 Bf5 5. Nf3 e6 6. Qb3 Qb6 7. Be2 Nbd7 8. O-O
h6 9. Bd2 Bd6 10. c5 Qxb3 11. axb3 Bc7 12. b4 O-O 13. b5 Rfe8 14. Ra3 e5 15.
Rfa1 a6 16. bxc6 bxc6 17. Rxa6 Rxa6 18. Rxa6 Nb8 19. Ra7 Rc8 20. Na2 Bg4 21. h3
Bh5 22. g4 Bg6 23. Nb4 exd4 24. exd4 Nfd7 25. Ba6 1-0

[Event "C.to Sociale"]
[Site "Napoli ITA"]
[Date "2012.07.03"]
[Round "5"]
[White "Andreoli, Mark"]
[Black "Borrelli, Salvatore"]
[Result "1-0"]
[WhiteElo "1967"]
[BlackElo "1960"]
[PlyCount "61"]
[EventDate "2012.05.31"]

1. e4 c6 2. d4 d5 3. f3 e6 4. Nc3 Nf6 5. e5 Nfd7 6. f4 c5 7. Nf3 Nc6 8. Ne2 Be7
9. c3 cxd4 10. cxd4 f6 11. Nc3 fxe5 12. fxe5 O-O 13. Bd3 Nb4 14. Bb1 a6 15. a3
Nc6 16. Qd3 g6 17. Bh6 Rf7 18. h4 Bf8 19. h5 Rxf3 20. gxf3 Bxh6 21. hxg6 Bg7
22. gxh7+ Kh8 23. Bc2 Qf8 24. O-O-O Qf4+ 25. Kb1 Ne7 26. Rdg1 Qf8 27. Qe3 Nf5
28. Qg5 Nb6 29. Bxf5 Qxf5+ 30. Qxf5 exf5 31. Rxg7 1-0

[Event "C.to Sociale"]
[Site "Napoli ITA"]
[Date "2012.07.03"]
[Round "5"]
[White "Auletta, Angelo"]
[Black "Grasso, Nino"]
[Result "1-0"]
[WhiteElo "2213"]
[BlackElo "2010"]
[PlyCount "107"]
[EventDate "2012.05.31"]

1. e4 e5 2. Nf3 Nc6 3. Bb5 a6 4. Bxc6 dxc6 5. O-O Bg4 6. h3 h5 7. d3 Qf6 8.
Nbd2 Ne7 9. Re1 Ng6 10. hxg4 hxg4 11. Nh2 Rxh2 12. Qxg4 Rh4 13. Qf5 Rf4 14.
Qxf6 gxf6 15. g3 Rg4 16. Kg2 Rg5 17. Nf3 Rh5 18. Be3 Bd6 19. Rh1 Rxh1 20. Rxh1
Ke7 21. Nh4 Rg8 22. Nf5+ Ke6 23. Kf3 Ne7 24. Rh5 c5 25. Nxe7 Bxe7 26. c3 b5 27.
d4 cxd4 28. cxd4 c6 29. Ke2 a5 30. dxe5 fxe5 31. f4 Rxg3 32. Rxe5+ Kd7 33. Rh5
a4 34. Bf2 Rg8 35. Kf3 b4 36. Ra5 b3 37. Rxa4 bxa2 38. Rxa2 Rb8 39. Ra7+ Ke8
40. Bd4 Rb3+ 41. Kg4 f6 42. Kf5 c5 43. Bxf6 Bxf6 44. Kxf6 Rb6+ 45. Kf5 Rxb2 46.
e5 Rb6 47. Rc7 Rb5 48. Kf6 Kd8 49. Rc6 Kd7 50. Rd6+ Ke8 51. Ke6 Rb4 52. f5 c4
53. f6 Rb7 54. Rc6 1-0